| 000 -LEADER |
| fixed length control field |
00348nam a22001217a 4500 |
| 008 - FIXED-LENGTH DATA ELEMENTS--GENERAL INFORMATION |
| fixed length control field |
250320b ||||| |||| 00| 0 eng d |
| 020 ## - INTERNATIONAL STANDARD BOOK NUMBER |
| International Standard Book Number |
9781407180830 |
| 082 ## - DEWEY DECIMAL CLASSIFICATION NUMBER |
| Classification number |
823.92 McI |
| 100 ## - MAIN ENTRY--PERSONAL NAME |
| Personal name |
McIntyre,Sarah |
| Relator term |
Author |
| 245 ## - TITLE STATEMENT |
| Title |
Grumpycorn |
| 260 ## - PUBLICATION, DISTRIBUTION, ETC. |
| Place of publication, distribution, etc. |
Euston House,24 Eversholt Street London NW1 1DB |
| Name of publisher, distributor, etc. |
Scholastic Children's Books |
| Date of publication, distribution, etc. |
2019 |
| 942 ## - ADDED ENTRY ELEMENTS (KOHA) |
| Source of classification or shelving scheme |
|